Complete prose works of John Milton

Sábháilte in:
Sonraí bibleagrafaíochta
Príomhchruthaitheoir: Milton, John
Formáid: LEABHAR
Teanga:Undetermined
Foilsithe / Cruthaithe: Londres, Inglaterra Yale University Press 1971
Ábhair:
Clibeanna: Cuir clib leis
Níl clibeanna ann, Bí ar an gcéad duine le clib a chur leis an taifead seo!

MARC

LEADER 00000nam a2200000Ia 4500
008 170316s9999 xx 000 0 und d
040 |a cru BVZT 
090 |a 820 M-19co v.5b 
100 |a Milton, John 
245 |a Complete prose works of John Milton 
260 |a Londres, Inglaterra 
260 |b Yale University Press 
260 |c 1971 
300 |a 469 a 876 páginas V.5 part 2 (1649-1659) 
650 |a LITERATURA INGLESA 
999 |c 7015  |d 7015 
942 |c 15 D  |h 820 M-19co v.5b  |2 z